| Registos Bibliográficos associados ao registo de autoridade |
|
Etiqueta de registo: 00254nam 2200025 450 001 2285522 003 http://id.bnportugal.gov.pt/bib/catbnp/2285522 010 ## $a978-989-9160-74-3 021 ## $aPT$b560787/26 100 ## $a20260429d2026 m y0pory01030103ba 101 0# $apor 102 ## $aPT 105 ## $aa z 000yy 106 ## $ar 200 1# $aDireito das sucessões$eperguntas & respostas$fRui Cascão, Diana Coutinho 205 ## $a1ª ed 210 #9 $aCoimbra$cEditora d'Ideias,$d2026 215 ## $a194, [1] p.$cil.$d23 cm 675 ## $a347.65(469)(075.8)$vBN$zpor$31500734 700 #1 $92$aCascão,$bRui$31997317 701 #1 $aCoutinho,$bDiana Sofia Araújo$4070$31818727 801 #0 $aPT$bBN$gRPC 856 41 $uhttp://rnod.bnportugal.gov.pt/ImagesBN/winlibimg.aspx?skey=&doc=2285522&img=223202&save=true 900 ## $aBIBNAC$d20260617 966 ## $lBN$mFGMON$sS.C. 169316 V.$x1 966 ## $lBN$mFGMON$sS.C. 169316 V.-D$x1 971 ## $cssilva$d20260429 972 ## $e0$z0$d20260617$vlrevez 973 ## $cmlsousa$d20260609
|
|
|